000 00800nam a2200217 a 4500
001 86460
003 BD-RjUL
005 20260512103321.0
008 260512s2025 bg ||||| |||| 00| 0 ben d
035 _a(BD-RjUL)86460
040 _aBD-RjUL
_beng
_cBD-RjUL
041 _aben
082 _223
_a891.4415
_bTUN 2025
100 _aতুহিন, ফজলুল হক
_918436
245 _aনজরুলের সাহিত্যচিন্তা /
_cফজলুল হক তুহিন
260 _aরাজশাহী :
_bপরিলেখ,
_c২০২৫
300 _a১১২ পৃ. ;
_c২২ সেমি.
600 _a ইসলাম, কাজী নজরুল,
_d১৮৯৯-১৯৭৬
_918442
600 _aIslam, kazi Nazrul,
_d1899-1976
_918438
942 _2ddc
_cBK
999 _c86460
_d86460